French Cancan = French Cancan /
Largometraje número 31 de los 36 dirigidos por el cineasta francés Jean Renoir (1894-1979), quien revive el espíritu del París de fines del siglo XIX con esta gozosa narración sobre un audaz empresario que vuelve a poner de moda el baile del cancán en un nuevo y más popular local, el Moulin Rouge, a...
Salvato in:
| Autore principale: | |
|---|---|
| Altri autori: | , , , , , , |
| Natura: | |
| Lingua: | francese |
| Soggetti: | |
| Tags: |
Nessun Tag, puoi essere il primo ad aggiungerne!!
|
MARC
| LEADER | 00000ngm^a2200000^a^4500 | ||
|---|---|---|---|
| 001 | 000119386 | ||
| 005 | 20250521000000.0 | ||
| 009 | 20260310094316.2 | ||
| 037 | |a Acervo ITESO - Biblioteca | ||
| 041 | |a FRA | ||
| 082 | |a 840. |b REN | ||
| 100 | |a Renoir, Jean |e (realización) | ||
| 240 | 1 | 1 | |a [French Can-Can] |
| 245 | 1 | 0 | |a French Cancan = |b French Cancan / |c Realización de J. Renoir. |
| 246 | 2 | |a Título de exhibición cinematográfica en México: French Can-Can | |
| 264 | |a Francia : |b Franco London Films : |a Italia : |b Jolly Film, |c 1954 | ||
| 264 | |a México : |b Videovisa [distribución], |c 1992 | ||
| 300 | |a 1 videocasete VHS |c (102 min.) | ||
| 336 | |a imagen móvil bidimensional |b tdi |2 rdacontenido | ||
| 337 | |a video |b v |2 rdamedio | ||
| 338 | |a videocasete |b vf |2 rdasoporte | ||
| 520 | |a Largometraje número 31 de los 36 dirigidos por el cineasta francés Jean Renoir (1894-1979), quien revive el espíritu del París de fines del siglo XIX con esta gozosa narración sobre un audaz empresario que vuelve a poner de moda el baile del cancán en un nuevo y más popular local, el Moulin Rouge, al tiempo que hace malabares amorosos con una bailarina de la danza del vientre y con una lavandera, a la que convertirá en la figura del nuevo espectáculo. El cineasta celebra a la vida, el arte y a París, su ciudad natal, en una película que cuenta con las participaciones del actor Jean Gabin (1904-1976), en su cuarta y última colaboración con Renoir, como el personaje protagonista; la actriz mexicana María Félix (1914-2002), dentro de cuya filmografía este título destaca quizás como su más relevante filme europeo, y de la cantante Edith Piaf (1915-1963), en una breve aparición. | ||
| 530 | |a Existe una edición en formato audiovisual en DVD con el mismo título | ||
| 546 | |a En francés, con subtítulos en español | ||
| 649 | |a XX | ||
| 650 | |a Comedias Cinematográficas | ||
| 650 | |a Películas Musicales | ||
| 650 | |a Cine Francés - |y 1950-1959 | ||
| 650 | |a Cine Francés - |y Siglo XX | ||
| 650 | |a Amor | ||
| 650 | |a Relaciones de Pareja | ||
| 650 | |a Cancán | ||
| 650 | |a Danza Popular | ||
| 650 | |a Bares y Centros Nocturnos - |z París, Francia | ||
| 650 | |a Bares y Centros Nocturnos - |z Francia | ||
| 650 | |a Prácticas Culturales - |z Francia | ||
| 650 | |a Historia Social - |z Francia | ||
| 650 | |a París, Francia en el Cine | ||
| 650 | |a París, Francia - |x Descripción | ||
| 650 | |a París, Francia - |x Historia | ||
| 650 | |a Francia - |x Historia - |y Tercera República, 1870-1940 | ||
| 650 | |a Francia - |x Historia - |y Período Moderno, 1848-1919 | ||
| 650 | |a Francia - |x Historia - |y Siglo XIX | ||
| 700 | |a Renoir, Jean |e (guión) | ||
| 700 | |a Kelber, Michel |e (fotógrafo) | ||
| 700 | |a Lewin, Borys |e (montaje) | ||
| 700 | |a Parys, Georges van |e (música) | ||
| 700 | |a Gabin, Jean |e (actuación) | ||
| 700 | |a Arnoul, Françoise |e (actuación) | ||
| 700 | |a Félix, María |e (actuación) | ||
| 910 | |a Fondo General | ||
| 920 | |a Audiovisuales - Videocasetes | ||
| 940 | |a Películas | ||
| 905 | |a 301 | ||
| 901 | |a 0500049007 |b IT2 |c VIS |u 20250521 | ||
| 902 | |a https://opac.biblio.iteso.mx/vufind/Record/000119386 | ||